01040nam a2200241Ia 4500008004100000020002000041040001400061082002000075100002400095245005000119250001000169260003100179300002000210365002800230366000900258505001000267530005700277536002800334620030700362630005000669650002900719730005000748100315s9999 xx 000 0 und d a81-86314-12-1  cENGLISH  b4761 a658.4  a"Ghanekar, Anjali " aORGANIZATIONAL BEHAVIOUR : CONCEPTS AND CASES a8th  aPune bEverest  c2002  a"XXIV, 391P  " eRupees d1 b227.80  f15  gDYK  bLAXMI BOOK DEPOT. 890/04-11-2004 a890/04-11-2004  a01/04/2004-31/03/2005  a"PERCEPTION, ATTITUDES AND JOB SATISFACTION,LEARNING,PERSONALITY, MOTIVATION, INTER PERSONAL BEHAVIOUR & INFLUECING RELATIONSHIPS, TRANSACTIONAL ANALYSIS, SMALL GROUP BEHAVIOUR, COMMUNICATION, LEADERSHIP, MANAGEMENT OF STRESS, MANAGEMENT OF CONFLICT, MANAGEMENT OF CHANGE, THE EMERGING ORGANISATION. " aORGANIZATIONAL BEHAVIOUR : CONCEPTS AND CASES aOrganization Behaviour  aORGANIZATIONAL BEHAVIOUR : CONCEPTS AND CASES